Railway Stations in Great Britain Starting with U & V - Statistics

General Stats
  • This quiz has been taken 24 times
  • The average score is 8 of 21
Answer Stats
County Passengers (2024/2025) Station % Correct
Greater London 15,534,168 Vauxhall
92%
Greater London 5,020,900 Upminster
67%
Dorset 53,534 Upwey
50%
Staffordshire 188,406 Uttoxeter
50%
Surrey 649,794 Virginia Water
50%
East Sussex 235,458 Uckfield
42%
Lincolnshire 4,480 Ulceby
42%
Devon 54,078 Umberleigh
42%
Merseyside 22,192 Upton
42%
Isle of Anglesey 21,588 Valley
42%
South Lanarkshire 702,066 Uddingston
33%
Cumbria 290,354 Ulverston
33%
Surrey 106,454 Upper Halliford
33%
Stirling 5,760 Upper Tyndrum
33%
Greater Manchester 371,074 Urmston
33%
Lancashire 27,684 Upholland
25%
West Midlands 3,755,612 University
17%
West Lothian 488,056 Uphall
17%
Greater London 1,425,670 Upper Holloway
17%
Surrey 850,836 Upper Warlingham
17%
North Yorkshire 16,502 Ulleskelf
0%
No matching quizzes found
Score Distribution
Percent of People with Each Score
Percentile by Number Answered
Your Score History
You have not taken this quiz